00754 2200289 4500001002100000005001500021035002000036007000300056008004100059040001700100100001600117245006800133250000900201300003100210020002200241041000800263082001000271084001600281090001600297260003000313600001500343850001000358990002400368990002400392990002400416990002400440INLIS00000000000232020260603082213 a0010-0220000171ta260603 1  aSBPUPADbInd0 aWarner Bros1 alooney Tunes :bTaz menangkap sekor Kelinci Liar /cWarner Bros aEd.1 a112 hlm. :bilus. ;c28 Cm a978-979-29-5355-8 aind a371.1 a371.1 WAR l a371.1 WAR l aYogyakarta :bANDI,c2015 4aPendidikan aPUPAD a34.063/DAK/DPK/2019 a34.064/DAK/DPK/2019 a34.065/DAK/DPK/2019 a34.066/DAK/DPK/2019